MARC details
| 000 -LEADER |
| fixed length control field |
02572nam a22003857a 4500 |
| 001 - CONTROL NUMBER |
| control field |
101756 |
| 003 - CONTROL NUMBER IDENTIFIER |
| control field |
KnowledgeUnlatched |
| 005 - DATE AND TIME OF LATEST TRANSACTION |
| control field |
20210303105126.0 |
| 006 - FIXED-LENGTH DATA ELEMENTS--ADDITIONAL MATERIAL CHARACTERISTICS |
| fixed length control field |
m o d |
| 007 - PHYSICAL DESCRIPTION FIXED FIELD--GENERAL INFORMATION |
| fixed length control field |
cr u|||||||||| |
| 008 - FIXED-LENGTH DATA ELEMENTS--GENERAL INFORMATION |
| fixed length control field |
210129p20162019xx o u00| u ger d |
| 037 ## - SOURCE OF ACQUISITION |
| Institution to which field applies |
BiblioBoard |
| 020 ## - INTERNATIONAL STANDARD BOOK NUMBER |
| International Standard Book Number |
9783954663712 |
| 029 1# - OTHER SYSTEM CONTROL NUMBER (OCLC) |
| OCLC library identifier |
https://library.biblioboard.com/ext/api/media/34ac6525-22e7-4813-a973-5ed7cd583dba/assets/thumbnail.jpg |
| 040 ## - CATALOGING SOURCE |
| Original cataloging agency |
ScCtBLL |
| Transcribing agency |
ScCtBLL |
| 100 1# - MAIN ENTRY--PERSONAL NAME |
| Personal name |
Reichert, Anika |
| Relator term |
author. |
| 245 00 - TITLE STATEMENT |
| Title |
Homecare |
| Remainder of title |
Die Rolle der Hausärzte im Entlassmanagement / |
| Statement of responsibility, etc. |
Anika Reichert, Stefanie Scholz, Udo Richter, Dominika Urbanski. |
| 264 #1 - PRODUCTION, PUBLICATION, DISTRIBUTION, MANUFACTURE, AND COPYRIGHT NOTICE |
| Name of producer, publisher, distributor, manufacturer |
MWV Medizinisch Wissenschaftliche Verlagsgeschellschaft, |
| 300 ## - PHYSICAL DESCRIPTION |
| Extent |
1 online resource (110 p.) |
| 506 0# - RESTRICTIONS ON ACCESS NOTE |
| Terms governing access |
Access copy available to the general public. |
| Standardized terminology for access restriction |
Unrestricted |
| Source of term |
star |
| 520 ## - SUMMARY, ETC. |
| Summary, etc. |
Homecare ist ein junger Bereich, der die stationäre Versorgung mit der ambulanten Nachsorge verbindet und sämtliche weitere Versorger koordiniert. In der Praxis scheitert diese Idee derzeit noch häufig an fehlenden oder unpräzisen rechtlichen Rahmenbedingungen sowie Akzeptanzbarrieren. Dieses Buch bietet einen umfassenden Überblick der aktuellen Versorgungssituation im Homecare-Bereich in Deutschland. Es diskutiert den Homecare-Markt und seine Potentiale, die rechtlichen Rahmenbedingungen und gibt einen Überblick über nationale und internationale Studien zur Effektivität von Entlassmanagement und sektorenübergreifender Versorgung. Ein Praxisteil präsentiert Ergebnisse einer umfassenden empirischen Studie, die die Perspektiven von niedergelassenen Ärzten, Kliniken und stationärer sowie ambulanter Pflege zum Thema Homecare untersucht. Die Ergebnisse der Studie geben Aufschluss über die praktische Umsetzung der Homecare-Idee im Versorgungsalltag sowie die Potentiale und Risiken. |
| 588 0# - SOURCE OF DESCRIPTION NOTE |
| Source of description note |
Description based on print version record. |
| 590 ## - LOCAL NOTE (RLIN) |
| Local note |
KU Open Services |
| 650 #7 - SUBJECT ADDED ENTRY--TOPICAL TERM |
| Topical term or geographic name entry element |
Medical |
| Source of heading or term |
bisacsh |
| 650 #0 - SUBJECT ADDED ENTRY--TOPICAL TERM |
| Topical term or geographic name entry element |
Medicine |
| 655 #0 - INDEX TERM--GENRE/FORM |
| Genre/form data or focus term |
Electronic books. |
| 700 1# - ADDED ENTRY--PERSONAL NAME |
| Personal name |
Scholz, Stefanie |
| Relator term |
author. |
| 700 1# - ADDED ENTRY--PERSONAL NAME |
| Personal name |
Richter, Udo |
| Relator term |
author. |
| 700 1# - ADDED ENTRY--PERSONAL NAME |
| Personal name |
Urbanski, Dominika |
| Relator term |
author. |
| 758 ## - |
| -- |
Is found in: |
| -- |
Knowledge Unlatched |
| -- |
https://openresearchlibrary.org/module/2774bc74-146a-484f-a7ba-ab1d6a09bbfb |
| 856 40 - ELECTRONIC LOCATION AND ACCESS |
| Uniform Resource Identifier |
<a href="https://openresearchlibrary.org/content/34ac6525-22e7-4813-a973-5ed7cd583dba">https://openresearchlibrary.org/content/34ac6525-22e7-4813-a973-5ed7cd583dba</a> |
| Public note |
View this content on Open Research Library. |
| -- |
0 |